Datum a čas kvízu
27.5
Celkem bodů
Celkový počet nahraných bodů na tomto kvízu bez doplňovacích otázek.
4.
Pořadí na kvízu
Konečné umístění týmu na tomto kvízu.
Zaznamenané odpovědi
# | Otázka | Odpověď | Body | Výsledky |
---|---|---|---|---|
1. | V sobotu se uskutečnila vzpomí... | Panenské Břežany | 0 | |
2. | Co neobvyklého přistálo ve čtv... | C) kontejnerová loď | 1 | |
3. | V pondělí nalezli francouzští... | Jim Morrison | 1 | |
4. | Kmen Marubo z Amazonského pral... | C) na pornu | 1 | |
5. | Jak se nazývá klub, který se v... | Tottenham (Hotspur) | 0 | |
6. | V tomto tématu se podíváme na... | Hayato Okamura, KDU-ČSL | 0 | |
7. | Jak se jmenuje tento muž? Opět... | Casey Affleck | 0 | |
8. | Tentokrát nás zajímá příjmení... | Dana Hlaváčová; Dora | 0.5 | |
9. | Jak se jmenuje tento muž? Tent... | Etzler; novinář | 0.5 | |
10. | Napište jméno i příjmení této... | Kristýna Plíšková; Dávid Hancko | 0.5 |